[Event "Mogliano Veneto op 42nd"]
[Site "Mogliano Veneto"]
[Date "2021.04.23"]
[Round "1"]
[White "Arandjelovic, Mladen"]
[Black "Zamengo, Fulvio"]
[Result "0-1"]
[WhiteElo "1380"]
[BlackElo "2363"]
[PlyCount "60"]
[EventDate "2021.04.23"]
[EventType "swiss"]
[EventRounds "5"]
[EventCountry "ITA"]
[SourceTitle "EXT 2023"]
[Source "ChessBase"]
[SourceDate "2022.10.05"]
[SourceVersion "1"]
[SourceVersionDate "2022.10.05"]
[SourceQuality "1"]

1. e4 c5 2. c3 e6 3. d3 d5 4. exd5 Qxd5 5. Nf3 Nc6 6. Be2 Nf6 7. 0-0 Be7 8. h3 0-0 9. Bf4 b6 10. Qc2 Bb7 11. Nbd2 e5 12. Bh2 Rae8 13. Qb3 Bd6 14. Ng5 Nd4 15. Qxd5 Nxe2+ 16. Kh1 Nxd5 17. Nc4 Bb8 18. Ne3 Ndf4 19. f3 f5 20. h4 h6 21. Nh3 Nxd3 22. Rad1 Ba6 23. Nd5 Nef4 24. Nhxf4 exf4 25. b3 Re2 26. Bg1 c4 27. Nb4 Nxb4 28. cxb4 c3 29. a4 c2 30. Rd7 Re7 0-1

[Event "Chioggia op-C 14th"]
[Site "Chioggia"]
[Date "2019.10.04"]
[Round "1"]
[White "Arandjelovic, Mladen"]
[Black "Dhanuka, Aman"]
[Result "0-1"]
[WhiteElo "1375"]
[BlackElo "1074"]
[PlyCount "84"]
[EventDate "2019.10.04"]
[EventType "swiss"]
[EventRounds "5"]
[EventCountry "ITA"]
[SourceTitle "EXT 2022"]
[Source "ChessBase"]
[SourceDate "2021.10.06"]
[SourceVersion "1"]
[SourceVersionDate "2021.10.06"]
[SourceQuality "1"]

1. e4 c6 2. Nf3 d5 3. e5 Bf5 4. d4 e6 5. Bd3 Bxd3 6. Qxd3 Nd7 7. h3 Ne7 8. a3 c5 9. c3 Nc6 10. b4 cxb4 11. cxb4 Rc8 12. 0-0 Be7 13. Nh2 0-0 14. Nd2 f6 15. f4 Qb6 16. Bb2 fxe5 17. fxe5 Ncxe5 18. Qe2 Rc2 19. Rxf8+ Bxf8 20. Rb1 Rxb2 21. Qe3 Rxb1+ 22. Nxb1 Nc4 23. Qd3 e5 24. Qe2 Qxd4+ 25. Kh1 Qe4 26. Qxe4 dxe4 27. Nc3 e3 28. Nf1 a5 29. bxa5 Bxa3 30. g4 Bb4 31. Ne2 Bxa5 32. Kg2 Bd2 33. Kf3 b5 34. Nxd2 exd2 35. Nc3 b4 36. Nd1 b3 37. Ke2 Nc5 38. Nc3 b2 39. Kd1 e4 40. Kc2 e3 41. h4 e2 42. Nxe2 b1Q+ 0-1